000 00296nam a22001337a 4500
008 170808b xxu||||| |||| 00| 0 eng d
020 _a9780073519197
041 _aeng
080 _a004
100 _a34
101 _aSHKI
245 _aMICROSOFT OFFICE WORD 2007
_cHINKLE, D
942 _2udc
_cBK
999 _c22872
_d22872